000 00610nam a2200217Ia 4500
003 GCL
008 140319s9999 xx 000 0 ara d
040 _aGCL /
_cGCL
082 0 4 _a625.7
_bم ه
100 1 _aمحمود توفيق سالم
245 1 0 _aهندسة الطرق /
_cمحمود توفيق سالم
260 _a[S.N] :
_bدار الراتب الجامعية
300 _a343
490 _a
650 0 4 _aالهندسة المدنية
650 0 4 _aهندسة الطرق
650 0 4 _aالطرق
650 0 4 _aرصف الطرق
650 0 4 _aبناء الارصفة
942 _2ddc
_cBK
999 _c52359
_d52359